| 000 | 00646cam a2200229 u 4500 | ||
|---|---|---|---|
| 003 | MX-MxUPN | ||
| 005 | 20240315063702.0 | ||
| 008 | 190905n a br 000 0 spa d | ||
| 020 | _a0153483067 | ||
| 035 | _aUPN01000232634 | ||
| 040 |
_aUPN _bspa _cUPN |
||
| 041 | 0 | _aspa | |
| 050 | 4 |
_aQH541.14 _bE93 2000 |
|
| 100 | 1 |
_aEvans-Marshall, Shelley _951356 |
|
| 245 | 1 | 4 | _aLos hábitats |
| 260 |
_aOrlando, Florida : _bHarcourt, _c[200?] |
||
| 300 |
_a8 páginas : _bfotografías a color |
||
| 650 | 4 |
_aHábitat (Ecología) _vLiteratura infantil _95266 |
|
| 902 | _bVíctorGodínez/140324 | ||
| 942 |
_cLIBRO _2lcc |
||
| 999 |
_c204729 _d204729 |
||